000 00214nam a22000857a 4500
008 170621b xxu||||| |||| 00| 0 eng d
100 _93608
_aTarafder. S. K
245 _aEssay writing
260 _aNew Delhi
_bA. P. H
_c2010
999 _c6996
_d6996